[Event "THA pre olympic qual (Women)"]
[Site "Bangkok"]
[Date "2016.05.22"]
[Round "9"]
[White "Chamsub, Saranporn"]
[Black "Atthaworadej, Worasuda"]
[Result "1/2-1/2"]
[WhiteElo "1335"]
[BlackElo "1681"]
[PlyCount "50"]
[EventDate "2016.05.14"]
[EventType "swiss"]
[EventRounds "9"]
[EventCountry "THA"]
[SourceTitle "CBM 172 Extra"]
[Source "ChessBase"]
[SourceDate "2016.06.21"]
[SourceVersion "1"]
[SourceVersionDate "2016.06.21"]
[SourceQuality "1"]

1. Nf3 c5 2. g3 g6 3. Bg2 Bg7 4. 0-0 Nc6 5. Nc3 Nf6 6. d3 0-0 7. Be3 d6 8. a3 Bd7 9. Qc1 Ng4 10. Bd2 Rb8 11. Rb1 Nge5 12. Nxe5 Nxe5 13. Bh6 Bc6 14. Bxc6 Nxc6 15. Bxg7 Kxg7 16. Qe3 Qd7 17. Ne4 b5 18. Nc3 Rfe8 19. Qg5 Nd4 20. Qd2 Qb7 21. Ne4 Qd7 22. Kg2 Qb7 23. Kg1 Qd7 24. Kg2 Qb7 25. Kg1 Qd7 1/2-1/2

[Event "THA pre olympic qual (Women)"]
[Site "Bangkok"]
[Date "2016.05.14"]
[Round "2"]
[White "Chamsub, Saranporn"]
[Black "Atikankhotchasee, Manunthon"]
[Result "0-1"]
[WhiteElo "1335"]
[BlackElo "1679"]
[PlyCount "78"]
[EventDate "2016.05.14"]
[EventType "swiss"]
[EventRounds "9"]
[EventCountry "THA"]
[SourceTitle "CBM 172 Extra"]
[Source "ChessBase"]
[SourceDate "2016.06.21"]
[SourceVersion "1"]
[SourceVersionDate "2016.06.21"]
[SourceQuality "1"]

1. Nf3 d5 2. d4 Nf6 3. g3 g6 4. Nc3 Bg7 5. e3 0-0 6. Bg2 c6 7. 0-0 Bg4 8. Qd2 Qc8 9. b3 Bh3 10. Ba3 Re8 11. Rfe1 Bxg2 12. Kxg2 Ne4 13. Nxe4 dxe4 14. Ng5 Qf5 15. Nh3 Qf3+ 16. Kf1 Qh1+ 17. Ke2 Qf3+ 18. Kf1 Nd7 19. Kg1 Nf6 20. Qe2 Qf5 21. Kg2 Nd5 22. Ng1 e5 23. c4 exd4 24. cxd5 d3 25. Qd2 Bxa1 26. Rxa1 cxd5 27. Bb2 Rec8 28. Rc1 Rxc1 29. Qxc1 Rc8 30. Qe1 Rc2 31. Ba1 d2 32. Qb1 Qxf2+ 33. Kxf2 d1Q+ 34. Qxc2 Qxc2+ 35. Ne2 Qxa2 36. Bd4 a6 37. b4 f5 38. Ke1 Qb1+ 39. Kf2 Qxb4 0-1

[Event "THA-chT"]
[Site "Bangkok"]
[Date "2015.12.05"]
[Round "4.4"]
[White "Mendez, Julie Ann"]
[Black "Chamsub, Saranporn"]
[Result "1-0"]
[WhiteElo "1646"]
[BlackElo "1361"]
[PlyCount "79"]
[EventDate "2015.12.04"]
[EventType "team-swiss"]
[EventRounds "9"]
[EventCountry "THA"]
[SourceTitle "EXT 2017"]
[Source "ChessBase"]
[SourceDate "2016.10.25"]
[SourceVersion "1"]
[SourceVersionDate "2016.10.25"]
[SourceQuality "1"]
[WhiteTeam "IWICA II"]
[BlackTeam "Chonburi JCA II"]
[WhiteTeamCountry "THA"]
[BlackTeamCountry "THA"]

1. d4 d5 2. Nf3 Nf6 3. Bf4 Bf5 4. e3 e6 5. Be2 Be7 6. 0-0 Nbd7 7. h3 0-0 8. c4 c6 9. Nc3 Qb6 10. Qb3 Qxb3 11. axb3 Bc2 12. Bd1 Bd3 13. Be2 Bc2 14. Bd1 Bd3 15. Be2 Bc2 16. Nd2 c5 17. Rfc1 cxd4 18. exd4 Bf5 19. c5 a6 20. b4 Rac8 21. Nb3 Nb8 22. Na5 b6 23. Nb7 bxc5 24. bxc5 Nc6 25. Be3 Rb8 26. Bxa6 Nb4 27. Nd6 Bxd6 28. cxd6 Nxa6 29. Rxa6 Rxb2 30. Rca1 Rbb8 31. Ra7 Rfd8 32. R1a6 Bd3 33. Rc6 Ne8 34. Bf4 g5 35. Bg3 Nf6 36. Be5 Kg7 37. d7 Ra8 38. Rxa8 Rxa8 39. Rc8 Ra1+ 40. Kh2 1-0

[Event "THA-chT"]
[Site "Bangkok"]
[Date "2015.12.04"]
[Round "1.4"]
[White "Chamsub, Saranporn"]
[Black "Rangkaew, Katunchalee"]
[Result "0-1"]
[WhiteElo "1361"]
[BlackElo "1431"]
[PlyCount "98"]
[EventDate "2015.12.04"]
[EventType "team-swiss"]
[EventRounds "9"]
[EventCountry "THA"]
[SourceTitle "EXT 2017"]
[Source "ChessBase"]
[SourceDate "2016.10.25"]
[SourceVersion "1"]
[SourceVersionDate "2016.10.25"]
[SourceQuality "1"]
[WhiteTeam "Chonburi JCA II"]
[BlackTeam "Assumption Association"]
[WhiteTeamCountry "THA"]
[BlackTeamCountry "THA"]

1. Nf3 d5 2. d4 Nc6 3. Bf4 e6 4. e3 Bd6 5. Bxd6 cxd6 6. Bd3 Nf6 7. 0-0 e5 8. Be2 0-0 9. Bb5 Bg4 10. Be2 Re8 11. c3 Rc8 12. Nfd2 Bxe2 13. Qxe2 exd4 14. cxd4 Nxd4 15. Qd3 Nc2 16. Nc3 Nxa1 17. Rxa1 a6 18. Nxd5 Nxd5 19. Qxd5 Rc2 20. b3 Qf6 21. Rf1 Rxa2 22. Qxb7 Rxd2 23. Qxa6 Rc2 24. Qb5 Rcc8 25. Rd1 Re5 26. Qd7 Rec5 27. g3 Qe6 28. Qb7 d5 29. Kg2 Qe4+ 30. Kh3 h5 31. Rd4 Qe6+ 32. Kg2 Qc6 33. Qe7 Rc2 34. Rf4 d4+ 35. e4 Qe6 36. Qg5 Qg6 37. Qd5 Rd2 38. Qa5 Rcc2 39. Qd8+ Kh7 40. Qh4 d3 41. Rf5 Kh6 42. Qf4+ Kh7 43. Qh4 Rxf2+ 44. Rxf2 d2 45. Qd8 Qxe4+ 46. Kg1 Qe3 47. Qd7 d1Q+ 48. Qxd1 Qxf2+ 49. Kh1 Qxh2# 0-1